|
|
|
|
| LEADER |
02143nam a2200325 a 4500 |
| 001 |
GR-MES527 |
| 008 |
991111s1983 gr 000 0 gre d |
| 040 |
|
|
|a GrPaTEI
|b gre
|c GR-PaULI
|
| 082 |
|
0 |
|a 658.152
|2 21
|
| 245 |
0 |
0 |
|a Οικονομικός προγραμματισμός επενδύσεων =
|b economic analysis and financing : Αρχές για τη λήψη αποφάσεων
|n 1ος.
|
| 250 |
|
|
|a 2η
|
| 260 |
|
|
|a Αθήνα :
|b Παπαζήση,
|c 1983
|
| 300 |
|
|
|a 360 σ. :
|b σχημ. ;
|c 24εκ.
|
| 650 |
|
4 |
|a Επενδύσεις Κεφαλαίου
|
| 650 |
|
4 |
|a Οικονομική πολιτική
|
| 650 |
|
4 |
|a ΟΙΚΟΝΟΜΙΚΟ ΜΑΝΑΤΖΜΕΝΤ
|
| 700 |
1 |
|
|a Bierman, Harold
|
| 700 |
1 |
|
|a Smidt, Seymour
|
| 700 |
1 |
|
|a Αθανασόπουλος, Παναγιώτης Ι.,
|d 1944-
|
| 700 |
1 |
|
|a Βαρδάκος, Χρήστος Δ.
|
| 710 |
0 |
|
|a Παπαζήση
|
| 942 |
|
|
|2 ddc
|
| 971 |
|
|
|a .b25715689
|b 16-04-20
|c 13-09-16
|
| 999 |
|
|
|c 151876
|d 151876
|
| 952 |
|
|
|0 0
|1 0
|2 ddc
|4 0
|6 658_152000000000000_BIE
|7 0
|9 263772
|a MSLG
|b MSLG
|c BSC
|d 2021-01-17
|e 24
|f 0
|g 0.00
|l 0
|o 658.152 BIE
|p 2420000006857
|r 2021-01-17
|t 1
|w 2021-01-17
|y BK15
|x 19991111 0 1
|x GrPaTEI
|
| 952 |
|
|
|0 0
|1 0
|2 ddc
|4 0
|6 658_152000000000000_BIE
|7 0
|9 263773
|a MSLG
|b MSLG
|c BSC
|d 2021-01-17
|e 24
|f 0
|g 0.00
|l 0
|o 658.152 BIE
|p 2420000010410
|r 2021-01-17
|t 1
|w 2021-01-17
|y BK15
|x 19991111 0 1
|x GrPaTEI
|
| 952 |
|
|
|0 0
|1 0
|2 ddc
|4 0
|6 658_152000000000000_BIE
|7 0
|9 263774
|a MSLG
|b MSLG
|c BSC
|d 2021-01-17
|e 24
|f 0
|g 0.00
|l 0
|o 658.152 BIE
|p 2420000002358
|r 2021-01-17
|t 1
|w 2021-01-17
|y BK15
|x 20010111 0 1
|x GrPaTEI
|
| 952 |
|
|
|0 0
|1 0
|2 ddc
|4 0
|6 658_152000000000000_BIE
|7 0
|9 263775
|a MSLG
|b MSLG
|c BSC
|d 2021-01-17
|e 24
|f 0
|g 0.00
|l 0
|o 658.152 BIE
|p 2420000002359
|r 2021-01-17
|t 1
|w 2021-01-17
|y BK15
|x 19991111 0 1
|x GrPaTEI
|
| 952 |
|
|
|0 0
|1 0
|2 ddc
|4 0
|6 658_152000000000000_BIE
|7 0
|9 263776
|a MSLG
|b MSLG
|c BSC
|d 2021-01-17
|e 24
|f 0
|g 0.00
|l 0
|o 658.152 BIE
|p 2420000006856
|r 2021-01-17
|t 1
|w 2021-01-17
|y BK15
|x 20010116 0 1
|x GrPaTEI
|
| 952 |
|
|
|0 0
|1 0
|2 ddc
|4 0
|6 658_152000000000000_ΒΙΕ
|7 0
|9 263777
|a MSLG
|b MSLG
|c BSC
|d 2021-01-17
|e 24
|f 0
|g 0.00
|l 0
|o 658.152 ΒΙΕ
|p 2420000002825
|r 2021-01-17
|t 1
|w 2021-01-17
|y BK15
|x 19991111 0 1
|x GrPaTEI
|